| 000 | 00452nam a2200193Ia 4500 | ||
|---|---|---|---|
| 008 | 210210b1931 xxu||||| |||| 00| 0 eng d | ||
| 041 | _aeng | ||
| 082 | _a381/58 | ||
| 100 | _aGOODMAN (R A) | ||
| 245 | _aKey to business book keeping | ||
| 260 |
_aLondon _bSir Isaac Pitman & Sons Ltd., _c1931 |
||
| 300 | _avii,401 | ||
| 650 | _aKey | ||
| 650 | _akeeping | ||
| 650 | _abusiness | ||
| 650 | _abook | ||
| 690 | _aAccountancy | ||
| 906 | _a005103 | ||
| 999 |
_c124894 _d124894 |
||